Score 0/22 Timer 02:00
0 Plays Today
Full Name Missing Name % Correct
F. Scott ____Fitzgerald
94.9%
____ AstaireFred
92.1%
____ GumpForrest
90.2%
____ CastroFidel
86.8%
____ DunawayFaye
79.8%
Will ____Ferrell
79%
____ FerdinandFranz
69.2%
Chris ____Farley
66.6%
____ the CatFelix
64.8%
____ DominoFats
63.5%
Peter ____Frampton
49.8%
Full Name Missing Name % Correct
____ HarrisFranco
44.3%
Jerry ____Falwell
42.8%
Anna ____Faris
42.7%
Guy ____Fawkes
40.6%
Jose ____Feliciano
32.6%
Enrico ____Fermi
29.4%
____ LanzoniFabio
26.9%
Rio ____Ferdinand
26%
____ FelliniFederico
25.4%
Russ ____Feingold
15.1%
Pierre de ____Fermat
8.2%

Today's Daily Dose

Missing Word
'T' Pairs

Word Ladder
Game Pieces

Get the Picture
Baseball Movies

Remove Ads.
Support Sporcle.
Get the best of Sporcle when you Go Orange. This ad-free experience offers more features, more stats, and more fun while also helping to support Sporcle. Thank you for becoming a member.

You're not logged in!

Compare scores with friends on all Sporcle quizzes.
OR
Log In

Show Comments

Extras

Top Quizzes Today


Score Distribution

Your Account Isn't Verified!

In order to create a playlist on Sporcle, you need to verify the email address you used during registration. Go to your Sporcle Settings to finish the process.

Report this User

Report this user for behavior that violates our Community Guidelines.

Details: